000 01321nam a2200229Ia 4500
003 Ost
005 20260507075303.0
008 260507s9999||||xx |||||||||||||| ||und||
020 _a17649999579
040 _cfsecg
041 _aara
082 _a330
100 _aالطاهر، علاء فرج
_eمؤلف
245 0 _aإدارة المعلومات و المعرفة /
_c علاء فرج الطاهر
260 _aعمان:
_bدار الارية,
_c2010
300 _a173 صفحة؛
_bإيضاحات ؛
_c25 سم
520 _aالمنظور الشامل و المتكامل للعملية الادارية ، الانترنيت و المكتبات و الفهرسة و الأرشفة في ادارة المعرفة ، ادارة المعلومات و نظم المعلومات الادارية ، التجارة الالكترونية و ادارة المعرفة ، ادارة المعرفة و التوثيق الالكتروني ، ادارة نظم المعلومات التربوية ، ادارة المعرفة و مواقع الواب و أخيرا ادارة المعرفة بالانترنيت و الإنترانت.
653 _aالادارة
653 _aنظم المعلومات الادارية
653 _aنظم المعلومات الادارية ــ ادارة
942 _cكتاب
999 _c43800
_d43800